| 000 | 01502nam a2200385 c 4500 | ||
|---|---|---|---|
| 001 | 18800 | ||
| 003 | ES-MaCES | ||
| 005 | 20141221122550.0 | ||
| 008 | 060508s2005 sp l o000 | spa d | ||
| 017 |
_aH 200-2005 _bDL |
||
| 020 | _a849341204X | ||
| 035 | _aCES20060005106m | ||
| 040 |
_aES-MaCES _bspa _cES-MaCES |
||
| 110 | 2 |
_aConsejo Económico y Social de la Ciudad de Huelva _92439 |
|
| 245 | 1 | 0 |
_aDictamen 2-2005 sobre propuesta de modificación de las Ordenanzas fiscales y reguladoras de precios públicos para 2006 _b: sesión del Pleno de 14 de septiembre de 2005 _cConsejo Económico y Social de la Ciudad de Huelva |
| 250 | _a1ª ed | ||
| 260 |
_aHuelva _bCESH _c2005 |
||
| 300 |
_a6 p. _c21 cm |
||
| 490 | 1 |
_aColección Dictámenes e informes _vD 2-2005 |
|
| 500 | _aTít. tomado de la cub. | ||
| 541 | _cGratuito | ||
| 650 | 4 |
_aadministración fiscal _927209 |
|
| 650 | 4 |
_aprecio regulado _927912 |
|
| 650 | 4 |
_areforma tributaria _928091 |
|
| 650 | 4 |
_aHuelva _931291 |
|
| 650 | 4 |
_a2006 _931838 |
|
| 650 | 4 |
_arégimen jurídico _929894 |
|
| 650 | 4 |
_adictamen _930802 |
|
| 653 | 1 | 0 | _aFiscalidad |
| 787 | 0 |
_tDictamen 2-2004 sobre propuesta de modificación de las Ordenanzas fiscales y reguladoras de precios públicos para 2005 _w(ES-MaCES)17949 |
|
| 830 | 0 |
_aColección Dictámenes e informes (Consejo Económico y Social de la Ciudad de Huelva) _vD 2-2005 _933753 |
|
| 902 | _aLIB Libro | ||
| 942 |
_2CES _cBK _h0.1. |
||
| 999 |
_c18800 _d18800 |
||